Statistiques concernant Pays non européens avec l'ambassade de France

Cliquez ici pour prendre le quiz!

Statistiques générales

  • Ce quiz a été pris 114 fois
  • Le résultat moyen est 79 sur 120

Statistiques - réponses

Pays avec ambassade de France% Correct
Algerie
97%
Maroc
94%
Afrique du Sud
91%
Canada
90%
Etats-Unis
89%
Chine
88%
Egypte
87%
Tunisie
87%
Mali
86%
Mexique
84%
Senegal
84%
Japon
83%
Inde
81%
Republiqué democratique du Congo
81%
Republiqué du Congo
81%
Australie
80%
Corée du Sud
80%
Brésil
79%
Soudan
79%
Angola
78%
Ethiopie
78%
Tchad
78%
Indonésie
77%
Argentine
76%
Guinée
76%
Iran
76%
Niger
76%
Togo
76%
Libye
74%
Mauritanie
74%
Soudan du Sud
74%
Afghanistan
73%
Arabie saoudite
73%
Nouvelle-Zélande
73%
Venezuela
73%
Chili
72%
Colombie
72%
Iraq
72%
Israël
72%
Nigeria
72%
Madagascar
71%
Mozambique
71%
Perou
71%
Bénin
70%
Pakistan
70%
Rwanda
70%
Turquie
70%
Zambie
70%
Viêt-Nam
69%
Cuba
68%
Djibouti
68%
Guinée-Bissau
68%
Panama
68%
Yemen
68%
Cambodge
67%
Laos
67%
Oman
67%
Thailande
67%
Zimbabwe
67%
Costa Rica
66%
Guatemala
66%
Kenya
66%
Tanzanie
66%
Burundi
64%
Emirats arabes unis
64%
Equateur
64%
Erythrée
64%
Gabon
64%
Kazakhstan
64%
Nicaragua
64%
Ouganda
64%
Republiqué centrafricaine
64%
Uruguay
64%
Ghana
63%
Burkina Faso
62%
Mongolie
62%
Surinam
62%
Cameroun
61%
Comores
61%
Cote d'Ivoire
61%
Namibie
61%
Paraguay
61%
Qatar
61%
Cap-Vert
60%
Honduras
60%
Malaisie
60%
Haïti
59%
Liban
59%
Botswana
58%
Philippines
58%
Seychelles
58%
Turkmenistan
57%
Arménie
56%
Azerbaidjan
56%
Bolivie
56%
Liberia
56%
Jamaïque
54%
Nepal
54%
Ouzbekistan
54%
Tadjikistan
54%
Republiqué Dominicaine
53%
Guinée Equatoriale
52%
Salvador
52%
Bangladesh
51%
Birmanie
51%
Georgie
51%
Île Maurice
51%
Singapour
50%
Jordanie
49%
Koweït
49%
Bahrein
48%
Sri Lanka
47%
Kirgizstan
44%
Brunei
43%
Fidji
43%
Papouasie-Nouvelle-Guinée
42%
Trinite-et-Tobago
38%
Chypre
30%
Sainte-Lucie
30%
Vanuatu
28%

Distribution des résultats

Percentile par nombre de réponses

% des personnes avec chaque résultat

Votre développement - résultats

Vous n’avez pas pris ce quiz